| 000 | 00765nam a2200181Ia 4500 | ||
|---|---|---|---|
| 008 | 151018s9999 xx 000 0 und d | ||
| 082 |
_bRBASDV64561 _a891.431 |
||
| 100 | _aसुमित्रानंदन पंत | ||
| 245 | _aसुमित्रानंदन पंत रचना संचयन | ||
| 250 | _b1 | ||
| 260 |
_bसाहित्य अकादमी नई दिल्ली _c2006 |
||
| 300 | _a484 | ||
| 600 | _aसुमित्रानंदन पंत | ||
| 630 | _aसुमित्रानंदन पंत रचना संचयन | ||
| 700 | _aसुमित्रानंदन पंत | ||
| 730 | _aसुमित्रानंदन पंत रचना संचयन | ||
| 942 | _cBOOK | ||
| 999 |
_c1056900 _d1056897 |
||